00604nam a2200169Ia 450000500170000000800410001702000150005808200150007310000210008824500820010926000480019130000130023950000640025294200060031695200970032299900150041920250606011517.0240331s9999 xx 000 0 und d a9552023874 a302.2bAMA aAmarasinghe , K. 0aSaundar ya adyapanaya :b guwanviduli madya saha nirmanathmaka sannivedanaya aColombobS. Godage and Brothers Statec1998 a159 p ., aAesthetic education radio medium and creative communication cL 001040708LaWERCLbWERCLcSSCd2024-03-31l0o 302.2 AMAp2646r2024-03-31w2024-03-31yL c1094d1094